| 000 | 00457nam a22001817a 4500 | ||
|---|---|---|---|
| 003 | NUST - PNEC | ||
| 005 | 20170116180759.0 | ||
| 008 | 150410b xxu||||| |||| 00| 0 eng d | ||
| 020 | _a- | ||
| 040 | _cLIBRARY | ||
| 082 | _a297.2 HAS | ||
| 100 |
_92363 _aHasan Syed Abul |
||
| 245 |
_aFour P illars Of Islam _cSyed Abul Hasan |
||
| 260 |
_aPakistan _bDa wah ACADEMY _cC1991. |
||
| 300 | _a318p. : | ||
| 650 |
_92364 _aIslam _xGeneral |
||
| 942 |
_2ddc _cBK |
||
| 999 |
_c62880 _d62880 |
||